000 00597nam a2200229Ia 4500
003 OSt
005 20220918192411.0
006 a|||||r|||| 00| 0
007 ta
008 220917b |||||||| |||| 00| 0 eng d
024 _a68,183
037 _cTextual
040 _aARTS
_cARTS
_beng
041 _2eng
_aeng
082 _aO:2J64:9, J31
100 _aDowden Edward
_958988
245 0 _aShakespeare
_b A critical study of his mind and art
260 _c1953
650 _aENGLISH LITERATURE
942 _hO:2J64:9, J31
_cTEXL
_2CC
999 _c194369
_d194369